| 000 | 00418nam a2200157Ia 4500 | ||
|---|---|---|---|
| 008 | 210716s2007 xx 000 0 und d | ||
| 020 | _a9780195683592 | ||
| 041 | _aeng | ||
| 082 | _a658.304 AGAT | ||
| 100 | _aAgarwala, Tanuja. | ||
| 245 | _aStrategic human resource management. | ||
| 250 | _a1 | ||
| 260 |
_aNew Delhi _bOxford University Press _c2007 |
||
| 300 | _axiii,801 | ||
| 650 | _aHuman Resource Management | ||
| 999 |
_c202558 _d202558 |
||